Focus (Record no. 82997)

MARC details
000 -LEADER
fixed length control field 01075cab a22002655a 4500
001 - CONTROL NUMBER
control field L152541
008 - FIXED-LENGTH DATA ELEMENTS--GENERAL INFORMATION
fixed length control field 110325e20110305xxk 000 0 eng d
035 ## - SYSTEM CONTROL NUMBER
System control number (Sirsi) u152541
041 0# - LANGUAGE CODE
Language code of text/sound track or separate title eng
100 1# - MAIN ENTRY--PERSONAL NAME
Personal name Buckley, James
245 00 - TITLE STATEMENT
Title Focus
Remainder of title London
260 ## - PUBLICATION, DISTRIBUTION, ETC.
Date of publication, distribution, etc. 2011
490 ## - SERIES STATEMENT
Series statement Estates Gazette
Volume/sequential designation (1109) 5 March 2011, 129-153(19)
520 ## - SUMMARY, ETC.
Summary, etc. Includes information about the nine skyscrapers either under construction or with planning permission, rents in the City and West End and recent finance deals with the market starting to show signs of some lending activity. Also an item on London's competitiveness, relocation to other UK regions or overseas and the possibility of the private sector coming to the rescue as public sector cuts become more extensive.
590 ## - LOCAL NOTE (RLIN)
Local note KA
651 #4 - SUBJECT ADDED ENTRY--GEOGRAPHIC NAME
Geographic name London
690 ## - LOCAL SUBJECT ADDED ENTRY--TOPICAL TERM (OCLC, RLIN)
Topical term or geographic name as entry element PROPERTY-COMMERCIAL PROPERTY-COMMERCIAL PROPERTY MARKET
700 1# - ADDED ENTRY--PERSONAL NAME
Personal name Quinn, David
700 1# - ADDED ENTRY--PERSONAL NAME
Personal name O'Connell, Bridget
700 1# - ADDED ENTRY--PERSONAL NAME
Personal name Wild, Damian
700 1# - ADDED ENTRY--PERSONAL NAME
Personal name Thame, David
700 1# - ADDED ENTRY--PERSONAL NAME
Personal name Harris, David
700 1# - ADDED ENTRY--PERSONAL NAME
Personal name Whitten, Nick
942 ## - ADDED ENTRY ELEMENTS (KOHA)
Suppress in OPAC 0
Holdings
Withdrawn status Lost status Source of classification or shelving scheme Damaged status Not for loan Home library Current library Shelving location Date acquired Total Checkouts Full call number Barcode Date last seen Copy number Price effective from Koha item type
    Dewey Decimal Classification     London London Journal article 25/03/2011   L152541 152541-1001 06/08/2019 1 06/08/2019 Journal article